000 01043nam a22003137a 4500
003 CHAP
005 20220329133459.0
008 971013s1991 r 00010 d
010 _a6871
011 _a7843
035 _a7068
040 _cCHAP
090 _aFolleto 14144
100 0 0 _aLópez López, Porfirio.
_968051
245 _aGuía para cultivar cebolla en los Valles Centrales de Oaxaca
260 _aOaxaca, Oax. :
_bINIFAP. Campo Experimental Valles Centrales,
_c1991
300 _a17 p.
_b: ilus.
490 _aINIFAP. Folleto para productores
_v; 5
590 _aBATCH-UPD
_b10
_c20130110
_lUCH01
_h2015
590 _aBATCH-UPD
_b10
_c20130410
_lUCH01
_h1333
590 _aBATCH-UPD
_b10
_c20130914
_lUCH01
_h0905
590 _aCONVERSION
_b10
_c20130109
_lUCH01
_h1305
650 1 4 _aCebolla
_xOaxaca.
_920792
830 0 _aINIFAP. Folleto para productores
_v; 5
_958719
901 _aBK
942 _cFOLL
949 _aFolleto 14144
_bBC
_cFOLL
_d-16858
_eTS1
_i7068
_si
949 _aFolleto 14144
_bBC
_cFOLL
_d-16859
_eTS2
_fc.2
_i7068
_si
999 _c6871
_d6871